[Event "Baku Chess Olympiad | Open"]
[Site "chess24.com"]
[Date "2016.09.08"]
[Round "6"]
[White "Notha, Moakofi"]
[Black "Sohib, Okla"]
[Result "0-1"]
[Board "3"]
[WhiteID "11300710"]
[WhiteElo "2119"]
[WhiteCountry "BOT"]
[WhiteFideId "11300710"]
[WhiteEloChange "-9"]
[BlackID "7602421"]
[BlackElo "2153"]
[BlackCountry "SYR"]
[BlackFideId "7602421"]
[BlackEloChange "9"]

1. e4 {[%clk 1:30:56]} e5 {[%clk 1:30:36]} 2. Bb5 {[%clk 1:31:14]} a6 {[%clk
1:30:04]} 3. Ba4 {[%clk 1:31:41]} Nc6 {[%clk 1:30:09]} 4. f4 {[%clk 1:32:02]} Nf6
{[%clk 1:22:52]} 5. Nf3 {[%clk 1:31:44]} Nxe4 {[%clk 1:14:38]} 6. fxe5 {[%clk
1:30:59]} Nc5 {[%clk 1:13:54]} 7. Bb3 {[%clk 1:28:38]} Nxb3 {[%clk 1:13:22]} 8.
axb3 {[%clk 1:29:05]} d6 {[%clk 1:11:30]} 9. exd6 {[%clk 1:27:01]} Bxd6 {[%clk
1:11:40]} 10. O-O {[%clk 1:27:21]} Bc5+ {[%clk 1:06:57]} 11. Kh1 {[%clk 1:26:55]}
O-O {[%clk 1:06:46]} 12. d3 {[%clk 1:23:34]} Bg4 {[%clk 1:05:54]} 13. c3 {[%clk
1:22:03]} Ne5 {[%clk 0:57:34]} 14. d4 {[%clk 1:19:39]} Nxf3 {[%clk 0:57:41]} 15.
gxf3 {[%clk 1:19:17]} Bh5 {[%clk 0:57:43]} 16. Nd2 {[%clk 1:13:18]} Be7 {[%clk
0:55:03]} 17. Ne4 {[%clk 1:13:06]} Bg6 {[%clk 0:51:39]} 18. Bf4 {[%clk 1:11:11]}
Re8 {[%clk 0:48:01]} 19. Qd2 {[%clk 1:07:50]} Bh4 {[%clk 0:35:54]} 20. Nc5 {[%clk
0:59:04]} Qc8 {[%clk 0:23:45]} 21. Qg2 {[%clk 0:57:02]} b6 {[%clk 0:16:36]} 22.
Ne4 {[%clk 0:57:10]} Qb7 {[%clk 0:16:47]} 23. Ng3 {[%clk 0:51:45]} c5 {[%clk
0:13:14]} 24. Rad1 {[%clk 0:43:53]} cxd4 {[%clk 0:10:23]} 25. Rxd4 {[%clk
0:43:35]} Bf6 {[%clk 0:10:02]} 26. Rd2 {[%clk 0:38:22]} Rad8 {[%clk 0:09:27]} 27.
b4 {[%clk 0:35:13]} Rxd2 {[%clk 0:08:46]} 28. Bxd2 {[%clk 0:35:20]} h5 {[%clk
0:06:26]} 29. Re1 {[%clk 0:31:42]} Rxe1+ {[%clk 0:05:15]} 30. Bxe1 {[%clk
0:32:10]} Qd5 {[%clk 0:03:50]} 31. Bf2 {[%clk 0:29:50]} Qd1+ {[%clk 0:03:53]} 32.
Bg1 {[%clk 0:29:58]} h4 {[%clk 0:03:25]} 33. Qe2 {[%clk 0:25:33]} Qd5 {[%clk
0:03:15]} 34. Ne4 {[%clk 0:23:54]} Bd8 {[%clk 0:02:24]} 35. Bd4 {[%clk 0:19:11]}
h3 {[%clk 0:01:38]} 36. Kg1 {[%clk 0:16:35]} b5 {[%clk 0:00:57]} 37. Ng3 {[%clk
0:12:56]} Bc7 {[%clk 0:01:08]} 38. Kf2 {[%clk 0:06:33]} f6 {[%clk 0:00:57]} 39.
Nf1 {[%clk 0:03:38]} Bd6 {[%clk 0:00:54]} 40. Ke1 {[%clk 0:31:29]} Bh5 {[%clk
0:30:43]} 41. Kf2 {[%clk 0:26:57]} Bg6 {[%clk 0:11:12]} 42. Ng3 {[%clk 0:21:33]}
Bxb4 {[%clk 0:09:14]} 43. Qf1 {[%clk 0:16:32]} Bc5 {[%clk 0:08:22]} 44. Ne2
{[%clk 0:12:22]} Qh5 {[%clk 0:04:40]} 45. Nf4 {[%clk 0:08:38]} Qh4+ {[%clk
0:02:55]} 46. Ke3 {[%clk 0:09:00]} Bxd4+ {[%clk 0:02:04]} 47. cxd4 {[%clk
0:09:28]} Bf5 {[%clk 0:01:58]} 48. Qa1 {[%clk 0:07:46]} Qg5 {[%clk 0:01:26]} 49.
b4 {[%clk 0:06:19]} Kh7 {[%clk 0:01:41]} 50. Qc1 {[%clk 0:04:23]} Bg6 {[%clk
0:00:56]} 51. Qf1 {[%clk 0:04:07]} Bf5 {[%clk 0:01:02]} 52. Qc1 {[%clk 0:04:30]}
Bd7 {[%clk 0:00:53]} 53. Kf2 {[%clk 0:03:17]} Qf5 {[%clk 0:00:59]} 54. Qc7 {[%clk
0:02:55]} Kh6 {[%clk 0:00:57]} 55. Qb8 {[%clk 0:01:05]} Kh7 {[%clk 0:00:55]} 56.
Qc7 {[%clk 0:01:34]} g5 {[%clk 0:00:55]} 57. Ne2 {[%clk 0:01:26]} Kg6 {[%clk
0:01:05]} 58. Qd6 {[%clk 0:00:50]} Qe6 {[%clk 0:00:57]} 59. Qc5 {[%clk 0:00:35]}
Bc6 {[%clk 0:01:02]} 60. Nc3 {[%clk 0:00:39]} Bb7 {[%clk 0:00:50]} 61. Qc7 {[%clk
0:00:42]} Qc6 {[%clk 0:00:52]} 62. Qxc6 {[%clk 0:00:43]} Bxc6 {[%clk 0:01:21]}
63. d5 {[%clk 0:01:12]} Bd7 {[%clk 0:01:05]} 64. Ne4 {[%clk 0:01:17]} Kf7 {[%clk
0:00:55]} 65. Ke3 {[%clk 0:01:30]} Ke7 {[%clk 0:01:00]} 66. Kd4 {[%clk 0:01:56]}
Bf5 {[%clk 0:00:53]} 67. Ng3 {[%clk 0:00:42]} Bc2 {[%clk 0:01:08]} 68. Kc5 {[%clk
0:01:11]} Bd1 {[%clk 0:01:03]} 69. d6+ {[%clk 0:00:39]} Kd8 {[%clk 0:01:14]} 70.
Ne4 {[%clk 0:00:49]} Bxf3 {[%clk 0:01:11]} 71. Nxf6 {[%clk 0:00:49]} g4 {[%clk
0:01:02]} 72. Nh5 {[%clk 0:00:34]} Kd7 {[%clk 0:01:27]} 73. Ng3 {[%clk 0:00:34]}
Bd1 {[%clk 0:01:29]} 74. Kd5 {[%clk 0:00:31]} Bb3+ {[%clk 0:01:13]} 75. Ke5
{[%clk 0:00:38]} Bc2 {[%clk 0:01:10]} 76. Kd5 {[%clk 0:00:51]} Bb3+ {[%clk
0:01:13]} 77. Ke5 {[%clk 0:01:20]} Bf7 {[%clk 0:01:18]} 78. Ne4 {[%clk 0:01:30]}
Kc6 {[%clk 0:01:03]} 79. Nf2 {[%clk 0:00:34]} g3 {[%clk 0:00:36]} 80. hxg3 {[%clk
0:00:35]} h2 {[%clk 0:00:56]} 81. g4 {[%clk 0:00:54]} Be8 {[%clk 0:00:49]} 82. g5
{[%clk 0:00:40]} a5 {[%clk 0:00:49]} 83. bxa5 {[%clk 0:00:38]} b4 {[%clk
0:01:12]} 84. a6 {[%clk 0:00:43]} b3 {[%clk 0:01:28]} 85. a7 {[%clk 0:00:52]} Kb7
{[%clk 0:01:42]} 86. g6 {[%clk 0:00:53]} b2 {[%clk 0:01:57]} 87. g7 {[%clk
0:01:19]} b1Q {[%clk 0:01:55]} 88. a8Q+ {[%clk 0:00:55]} Kxa8 {[%clk 0:02:24]}
89. g8Q {[%clk 0:01:22]} Qb2+ {[%clk 0:02:36]} 90. Ke4 {[%clk 0:01:19]} Qe2+
{[%clk 0:02:55]} 91. Kd4 {[%clk 0:00:32]} Qxf2+ {[%clk 0:03:12]} 92. Kc4 {[%clk
0:00:32]} Qa2+ {[%clk 0:03:28]} 0-1